<?xml version="1.0" encoding="UTF-8"?>
<record
    xmlns:xsi="http://www.w3.org/2001/XMLSchema-instance"
    xsi:schemaLocation="http://www.loc.gov/MARC21/slim http://www.loc.gov/standards/marcxml/schema/MARC21slim.xsd"
    xmlns="http://www.loc.gov/MARC21/slim">

  <leader>02889nam a2200373 a 4500</leader>
  <controlfield tag="003">CHAP</controlfield>
  <controlfield tag="005">20250922125915.0</controlfield>
  <controlfield tag="007">ta</controlfield>
  <controlfield tag="008">230428s2018    sp d|||fr|||| 001 0 spa d</controlfield>
  <datafield tag="020" ind1=" " ind2=" ">
    <subfield code="a">978-84-96477-74-6</subfield>
  </datafield>
  <datafield tag="040" ind1=" " ind2=" ">
    <subfield code="a">mxchpua</subfield>
    <subfield code="c">CHAP</subfield>
    <subfield code="e">rda</subfield>
  </datafield>
  <datafield tag="050" ind1="1" ind2="0">
    <subfield code="a">QA276</subfield>
    <subfield code="b">.D45 2018</subfield>
  </datafield>
  <datafield tag="082" ind1="0" ind2="0">
    <subfield code="a">519.2</subfield>
    <subfield code="b">D45 2018</subfield>
    <subfield code="2">20</subfield>
  </datafield>
  <datafield tag="100" ind1="1" ind2=" ">
    <subfield code="9">186850</subfield>
    <subfield code="a">Delgado de la Torre, Rosario</subfield>
    <subfield code="e">autora</subfield>
  </datafield>
  <datafield tag="245" ind1="1" ind2="0">
    <subfield code="a">Probabilidad y estad&#xED;stica para ciencias e ingenier&#xED;as /</subfield>
    <subfield code="c">Rosario Delgado de la Torre</subfield>
  </datafield>
  <datafield tag="250" ind1=" " ind2=" ">
    <subfield code="a">1a edici&#xF3;n</subfield>
  </datafield>
  <datafield tag="264" ind1=" " ind2=" ">
    <subfield code="a">Madrid, Espa&#xF1;a :</subfield>
    <subfield code="b">Delta, </subfield>
    <subfield code="c">2018</subfield>
  </datafield>
  <datafield tag="300" ind1=" " ind2=" ">
    <subfield code="a">xvi, 438 p&#xE1;ginas :</subfield>
    <subfield code="b">gr&#xE1;ficas, tablas</subfield>
  </datafield>
  <datafield tag="336" ind1=" " ind2=" ">
    <subfield code="2">rdacontent</subfield>
    <subfield code="a">texto</subfield>
    <subfield code="b">txt</subfield>
  </datafield>
  <datafield tag="337" ind1=" " ind2=" ">
    <subfield code="2">rdamedia</subfield>
    <subfield code="a">sin medio</subfield>
    <subfield code="b">n</subfield>
  </datafield>
  <datafield tag="338" ind1=" " ind2=" ">
    <subfield code="2">rdacarrier</subfield>
    <subfield code="a">volumen</subfield>
    <subfield code="b">nc</subfield>
  </datafield>
  <datafield tag="500" ind1=" " ind2=" ">
    <subfield code="a">La Biblioteca de Zootecnia cuenta con la reimpresi&#xF3;n del 2021</subfield>
  </datafield>
  <datafield tag="500" ind1=" " ind2=" ">
    <subfield code="a">Biblioteca de Zootecnia: ej.1 - ej.4: S/N (sin sellos)</subfield>
  </datafield>
  <datafield tag="504" ind1=" " ind2=" ">
    <subfield code="a">Bibliograf&#xED;a: p&#xE1;ginas 431-433</subfield>
  </datafield>
  <datafield tag="505" ind1="0" ind2=" ">
    <subfield code="a">Tema 0: Errores, azar y m&#xE9;todos estad&#xED;sticos --
Tema 1: Probabilidad y aplicaciones 1 --
Tema 2: Probabilidad y aplicaciones II --
Tema 3: Intervalos de confianza --
Tema 4: Test de hip&#xF3;tesis I --
Tema 5: Test de hip&#xF3;tesis II --
Tema 6: ANOVA y dise&#xF1;o de experimentos --
Tema 7: Regresi&#xF3;n lineal simple --
Tema 8: Introducci&#xF3;n al control de calidad</subfield>
  </datafield>
  <datafield tag="520" ind1="2" ind2=" ">
    <subfield code="a">En este libro se introducen los conceptos b&#xE1;sicos de la Probabilidad y la Estad&#xED;stica que corresponden con los de una asignatura introductoria a estas disciplinas en cualquier titulaci&#xF3;n superior cient&#xED;fico-t&#xE9;cnica. Adem&#xE1;s de &#xFA;til para estudiantes de estas titulaciones, pretende serlo para cualquiera que desee introducirse en estos temas de manera sencilla.
Se tratan las nociones b&#xE1;sicas de probabilidad, probabilidad condicionada y variables aleatorias, acompa&#xF1;adas de ejemplos y aplicaciones para ilustrar su aplicabilidad en diferentes &#xE1;mbitos. Tambi&#xE9;n los intervalos de confianza y los tests de hip&#xF3;tesis cl&#xE1;sicos, as&#xED; como el test de la X2 de Pearson, los test de normalidad y el test Q de Dixon. Adem&#xE1;s, el An&#xE1;lisis de la Varianza y el Dise&#xF1;o de Experimentos, y la Regresi&#xF3;n Lineal Simple, dos de las herramientas estad&#xED;sticas m&#xE1;s &#xFA;tiles. En el &#xFA;ltimo tema se hace un breve repaso al Control de Calidad estad&#xED;stico, y el primero es una introducci&#xF3;n a la asignatura a trav&#xE9;s del tratamiento de los errores de medici&#xF3;n.
Al Final de algunos temas hay cuadros-resumen y en otros aparecen intercalados en el texto. En todos hay una propuesta de ejercicios cuya realizaci&#xF3;n ayudarla a una mejor comprensi&#xF3;n de la materia y a la consecuci&#xF3;n de las destrezas y competencias deseadas.</subfield>
  </datafield>
  <datafield tag="650" ind1="1" ind2="7">
    <subfield code="9">91685</subfield>
    <subfield code="a">Probabilidad</subfield>
  </datafield>
  <datafield tag="650" ind1="1" ind2="7">
    <subfield code="9">38241</subfield>
    <subfield code="a">Estad&#xED;stica</subfield>
  </datafield>
  <datafield tag="650" ind1="1" ind2="3">
    <subfield code="9">147085</subfield>
    <subfield code="a">Control de calidad  </subfield>
  </datafield>
  <datafield tag="650" ind1="1" ind2="3">
    <subfield code="9">158041</subfield>
    <subfield code="a">Probability</subfield>
  </datafield>
  <datafield tag="650" ind1="1" ind2="3">
    <subfield code="9">144311</subfield>
    <subfield code="a">Statistics</subfield>
  </datafield>
  <datafield tag="650" ind1="1" ind2="3">
    <subfield code="9">147087</subfield>
    <subfield code="a">Quality control</subfield>
  </datafield>
  <datafield tag="942" ind1=" " ind2=" ">
    <subfield code="2">ddc</subfield>
    <subfield code="c">Libro</subfield>
  </datafield>
  <datafield tag="999" ind1=" " ind2=" ">
    <subfield code="c">218645</subfield>
    <subfield code="d">218645</subfield>
  </datafield>
  <datafield tag="952" ind1=" " ind2=" ">
    <subfield code="0">0</subfield>
    <subfield code="1">0</subfield>
    <subfield code="2">ddc</subfield>
    <subfield code="4">0</subfield>
    <subfield code="5">1</subfield>
    <subfield code="7">0</subfield>
    <subfield code="8">GRAL</subfield>
    <subfield code="a">IA_</subfield>
    <subfield code="b">IA_</subfield>
    <subfield code="d">2021-12-16</subfield>
    <subfield code="e">Compra Carvann Books F. C22</subfield>
    <subfield code="i">Consumo</subfield>
    <subfield code="l">0</subfield>
    <subfield code="o">519.2 D45 2018</subfield>
    <subfield code="p">1102014701</subfield>
    <subfield code="r">2023-04-28 00:00:00</subfield>
    <subfield code="t">Ej. 1</subfield>
    <subfield code="w">2023-04-28</subfield>
    <subfield code="y">LIBRO</subfield>
  </datafield>
  <datafield tag="952" ind1=" " ind2=" ">
    <subfield code="0">0</subfield>
    <subfield code="1">0</subfield>
    <subfield code="2">ddc</subfield>
    <subfield code="4">0</subfield>
    <subfield code="5">5</subfield>
    <subfield code="7">0</subfield>
    <subfield code="8">GRAL</subfield>
    <subfield code="a">IA_</subfield>
    <subfield code="b">IA_</subfield>
    <subfield code="d">2021-12-16</subfield>
    <subfield code="e">Compra Carvann Books F. C22</subfield>
    <subfield code="i">Consumo</subfield>
    <subfield code="l">2</subfield>
    <subfield code="o">519.2 D45 2018</subfield>
    <subfield code="p">1102014702</subfield>
    <subfield code="r">2024-08-28 18:01:32</subfield>
    <subfield code="s">2024-08-28</subfield>
    <subfield code="t">Ej. 2</subfield>
    <subfield code="w">2023-04-28</subfield>
    <subfield code="y">LIBRO</subfield>
  </datafield>
  <datafield tag="952" ind1=" " ind2=" ">
    <subfield code="0">0</subfield>
    <subfield code="1">0</subfield>
    <subfield code="2">ddc</subfield>
    <subfield code="4">0</subfield>
    <subfield code="5">5</subfield>
    <subfield code="7">0</subfield>
    <subfield code="8">GRAL</subfield>
    <subfield code="a">IA_</subfield>
    <subfield code="b">IA_</subfield>
    <subfield code="d">2021-12-16</subfield>
    <subfield code="e">Compra Carvann Books F. C22</subfield>
    <subfield code="i">Consumo</subfield>
    <subfield code="l">4</subfield>
    <subfield code="o">519.2 D45 2018</subfield>
    <subfield code="p">1102014703</subfield>
    <subfield code="r">2026-04-14 10:46:17</subfield>
    <subfield code="s">2026-03-18</subfield>
    <subfield code="t">Ej. 3</subfield>
    <subfield code="w">2023-04-28</subfield>
    <subfield code="y">LIBRO</subfield>
  </datafield>
  <datafield tag="952" ind1=" " ind2=" ">
    <subfield code="0">0</subfield>
    <subfield code="1">0</subfield>
    <subfield code="2">ddc</subfield>
    <subfield code="4">0</subfield>
    <subfield code="5">1</subfield>
    <subfield code="7">0</subfield>
    <subfield code="8">GRAL</subfield>
    <subfield code="a">Z</subfield>
    <subfield code="b">Z</subfield>
    <subfield code="d">2023-12-04</subfield>
    <subfield code="e">Compra Libreria UACh No. 42508</subfield>
    <subfield code="i">S/N</subfield>
    <subfield code="l">0</subfield>
    <subfield code="o">519.2 D45 2018</subfield>
    <subfield code="p">5102007618</subfield>
    <subfield code="r">2025-09-22 14:00:07</subfield>
    <subfield code="t">Ej.1</subfield>
    <subfield code="w">2025-09-22</subfield>
    <subfield code="y">LIBRO</subfield>
  </datafield>
  <datafield tag="952" ind1=" " ind2=" ">
    <subfield code="0">0</subfield>
    <subfield code="1">0</subfield>
    <subfield code="2">ddc</subfield>
    <subfield code="4">0</subfield>
    <subfield code="5">1</subfield>
    <subfield code="7">0</subfield>
    <subfield code="8">GRAL</subfield>
    <subfield code="a">Z</subfield>
    <subfield code="b">Z</subfield>
    <subfield code="d">2023-12-04</subfield>
    <subfield code="e">Compra Libreria UACh No. 42508</subfield>
    <subfield code="i">S/N</subfield>
    <subfield code="l">0</subfield>
    <subfield code="o">519.2 D45 2018</subfield>
    <subfield code="p">5102007619</subfield>
    <subfield code="r">2025-09-22 14:00:07</subfield>
    <subfield code="t">Ej.2</subfield>
    <subfield code="w">2025-09-22</subfield>
    <subfield code="y">LIBRO</subfield>
  </datafield>
  <datafield tag="952" ind1=" " ind2=" ">
    <subfield code="0">0</subfield>
    <subfield code="1">0</subfield>
    <subfield code="2">ddc</subfield>
    <subfield code="4">0</subfield>
    <subfield code="5">1</subfield>
    <subfield code="7">0</subfield>
    <subfield code="8">GRAL</subfield>
    <subfield code="a">Z</subfield>
    <subfield code="b">Z</subfield>
    <subfield code="d">2023-12-04</subfield>
    <subfield code="e">Compra Libreria UACh No. 42508</subfield>
    <subfield code="i">S/N</subfield>
    <subfield code="l">0</subfield>
    <subfield code="o">519.2 D45 2018</subfield>
    <subfield code="p">5102007620</subfield>
    <subfield code="r">2025-09-22 14:00:07</subfield>
    <subfield code="t">Ej.3</subfield>
    <subfield code="w">2025-09-22</subfield>
    <subfield code="y">LIBRO</subfield>
  </datafield>
  <datafield tag="952" ind1=" " ind2=" ">
    <subfield code="0">0</subfield>
    <subfield code="1">0</subfield>
    <subfield code="2">ddc</subfield>
    <subfield code="4">0</subfield>
    <subfield code="5">1</subfield>
    <subfield code="7">0</subfield>
    <subfield code="8">GRAL</subfield>
    <subfield code="a">Z</subfield>
    <subfield code="b">Z</subfield>
    <subfield code="d">2023-12-04</subfield>
    <subfield code="e">Compra Libreria UACh No. 42508</subfield>
    <subfield code="i">S/N</subfield>
    <subfield code="l">0</subfield>
    <subfield code="o">519.2 D45 2018</subfield>
    <subfield code="p">5102007621</subfield>
    <subfield code="r">2025-09-22 14:00:07</subfield>
    <subfield code="t">Ej.4</subfield>
    <subfield code="w">2025-09-22</subfield>
    <subfield code="y">LIBRO</subfield>
  </datafield>
  <datafield tag="952" ind1=" " ind2=" ">
    <subfield code="0">0</subfield>
    <subfield code="1">0</subfield>
    <subfield code="2">ddc</subfield>
    <subfield code="4">0</subfield>
    <subfield code="5">1</subfield>
    <subfield code="7">0</subfield>
    <subfield code="8">GRAL</subfield>
    <subfield code="a">Z</subfield>
    <subfield code="b">Z</subfield>
    <subfield code="d">2023-12-04</subfield>
    <subfield code="e">Compra Libreria UACh No. 42508</subfield>
    <subfield code="i">S/N</subfield>
    <subfield code="l">0</subfield>
    <subfield code="o">519.2 D45 2018</subfield>
    <subfield code="p">5102007622</subfield>
    <subfield code="r">2025-09-25 14:22:28</subfield>
    <subfield code="t">Ej.5</subfield>
    <subfield code="w">2025-09-25</subfield>
    <subfield code="y">LIBRO</subfield>
  </datafield>
</record>
